000 00542nam a2200193Ia 4500
005 20260114185716.0
008 008 260114s9999 xx 000 0 eng d
020 _a9781350362901
037 _aEBOOK
040 _aCRL
_beng
_cCRL
041 _aeng
_2eng
084 _qCRL
100 _aJ. Davis
_9873417
245 2 _aA History of Britain, 1885-1939
260 _bBloomsbury
_c1999
856 _uhttps://doi.org/10.5040/9781350362901?locatt=label:secondary_bloomsburyCollections
942 _cEBOOK
999 _c1472365
_d1472365